01388 a2200217 45000010006000000050017000060080041000230030015000640400040000790800065001192450062001840200018002462640044002643000025003085050651003330410008009841000032009927000030010247000021010548560095010753901620260407155649.0260407a1992 arg spa dAR-UNSa-BCEJYS aAR-UNSa-BCEJYSbspacAR-UNSa-BCEJYS a94(82):32xHistoria Política y Constitucional de Argentina10aHistoria política y constitucionalpArgentina 1776-1989 a950-534-163-6 1aBuenos Aires :bCírculo Militarc1992 axvii, 488 p.c22 cm. a1. Doctrinas e influencias que prepararon el preceso emancipador - 2. Los precursores de la emancipación - 3. Vísperas de nuestra emancipación - 4. Comienzos de la emancipación - 5. Emancipación política - 6. El problema constitucional - 7. La época de Rosas - 8. La Constitución de 1853 - 9. Secesión - 10. Unión nacional - 11. La liga de gobernadores - 12. Grandes controversias - 13. Bajo La Ley Sáenz Peña - 14. Crisis institucional - 15. El peronismo - 16. La revolución libertadora - 17. Años confusos - 18. Dos ciclos políticos - 19. El ocaso de la "Revolución Argentina" - 20. Subversión y corrupción  aspa1 aRodríguez Varela, Alberto1 aRomero Carranza, Ambrosio1 aVentura, Eduardo41uhttps://biblioeco.unsa.edu.ar/pmb/images/libros/L125646.jpgyImagen de portadaqimage/jpeg